Saint-Lô Agglo - Communes rattachées à d'autres - Statistiques

Statistiques générales
  • Ce quiz a été pris 5 fois
    4 depuis la dernière actualisation
  • Le résultat moyen est 17 sur 37
Statistiques - réponses
Communes nouvelles Communes rattachées % Correct
Thèreval Hébécrevon
100%
Saint-Jean-d'Elle Saint-Jean-des-Baisants
100%
Condé-sur-Vire Condé-sur-Vire
75%
Marigny-le-Lozon Lozon
75%
Marigny-le-Lozon Marigny
75%
Percy-en-Normandie Percy
75%
Saint-Amand-Villages Saint-Amand
75%
Bourgvallées Saint-Romphaire
75%
Tessy-Bocage Tessy-sur-Vire
75%
Torigny-les-Villes Brectouville
50%
Bourgvallées Gourfaleur
50%
Graignes-Mesnil-Angot Graignes
50%
Torigny-les-Villes Guilberville
50%
Graignes-Mesnil-Angot Le Mesnil-Angot
50%
Condé-sur-Vire Le Mesnil-Raoult
50%
Tessy-Bocage Pont-Farcy
50%
Saint-Jean-d'Elle Précorbin
50%
Saint-Jean-d'Elle Rouxeville
50%
Bourgvallées Saint-Samson-de-Bonfossé
50%
Bourgvallées Soulles
50%
Percy-en-Normandie Chefresne
25%
Torigny-les-Villes Giéville
25%
Saint-Amand-Villages La Chapelle-du-Fest
25%
Thèreval La Chapelle-en-Juger
25%
Condé-sur-Vire La Chapelle-sur-Vire
25%
Bourgvallées La Mancelière-sur-Vire
25%
Bourgvallées Le Mesnil-Herman
25%
Remilly les Marais Le Mesnil-Vigot
25%
Saint-Jean-d'Elle Notre-Dame-d'Elle
25%
Saint-Amand-Villages Placy-Montaigu
25%
Remilly les Marais Remilly-sur-Lozon
25%
Saint-Amand-Villages Saint-Symphorien-les-Buttes
25%
Torigny-les-Villes Torigni-sur-Vire
25%
Condé-sur-Vire Troisgots
25%
Saint-Jean-d'Elle Vidouville
25%
Tessy-Bocage Fervaches
0%
Remilly les Marais Les Champs-de-Losque
0%
Aucun quiz correspondant
Distribution des résultats
% des personnes avec chaque résultat
Percentile par nombre de réponses
Votre historique - résultats
Vous n’avez pas pris ce quiz depuis la dernière actualisation